Entrada Personal Name
Número de registros utilizados en: 1
001 - CONTROL NUMBER
- control field: 17210
003 - CONTROL NUMBER IDENTIFIER
- control field: DLC
005 - DATE AND TIME OF LATEST TRANSACTION
- control field: 20250617105024.0
008 - FIXED-LENGTH DATA ELEMENTS
- fixed length control field: 851007n| azannaabn |b aaa
010 ## - LIBRARY OF CONGRESS CONTROL NUMBER
- LC control number: n 85203149
- Canceled/invalid LC control number: n 2008040389
016 ## - NATIONAL BIBLIOGRAPHIC AGENCY CONTROL NUMBER
- Record control number: 0055L3239E
035 ## - SYSTEM CONTROL NUMBER
- System control number: (OCoLC)oca01417776
040 ## - CATALOGING SOURCE
- Original cataloging agency: DLC
- Language of cataloging: spa
- Description conventions: rda
- Transcribing agency: Mx-PuUPA
- Modifying agency: DLC
- Modifying agency: Uk
- Modifying agency: DLC
- Modifying agency: Uk
- Modifying agency: DLC
- Modifying agency: Uk
- Modifying agency: DLC
- Modifying agency: IWhI
- Modifying agency: CaOONL
- Modifying agency: Mx-PuUPA
042 ## - AUTHENTICATION CODE
- Authentication code: nlc
046 ## - SPECIAL CODED DATES
- Birth date: 19521207
- Source of date scheme: edtf
100 1# - HEADING--PERSONAL NAME
- Personal name: Parker, Steve,
- Dates associated with a name: 1952-
370 ## - ASSOCIATED PLACE
- Associated country: Gran Bretaña
- Source of term: naf
374 ## - OCCUPATION
- Occupation: Autor
375 ## - GENDER
- Gender: hombre
377 ## - ASSOCIATED LANGUAGE
- Language code: eng
378 ## - FULLER FORM OF PERSONAL NAME
- Fuller form of personal name: Stephen Russell
400 1# - SEE FROM TRACING--PERSONAL NAME
- Personal name: Parker, Stephen Russell,
- Dates associated with a name: 1952-
400 1# - SEE FROM TRACING--PERSONAL NAME
- Personal name: Parker, Steve Russell,
- Dates associated with a name: 1952-
400 1# - SEE FROM TRACING--PERSONAL NAME
- Personal name: Parker, Stiv,
- Dates associated with a name: 1952-
400 1# - SEE FROM TRACING--PERSONAL NAME
- Personal name: Паркер, Стив,
- Dates associated with a name: 1952-
670 ## - SOURCE DATA FOUND
- Source citation: His The age of dinosaurs! 1985:
- Information found: CIP t.p. (Steve Parker)
670 ## - SOURCE DATA FOUND
- Source citation: His Weather, 1990:
- Information found: CIP t.p. (Steve R. Parker) data sheet (b. 1952)
670 ## - SOURCE DATA FOUND
- Source citation: His Dreaming in the night, 1991:
- Information found: CIP t.p. (Steve Parker) data sheet (Steve Russel Parker)
670 ## - SOURCE DATA FOUND
- Source citation: Frankenstein, 1995:
- Information found: CIP t.p. (Steve Parker) data sheet (b. Dec. 7, 1952)
670 ## - SOURCE DATA FOUND
- Source citation: BL AL recd. 4 Oct. 1995
- Information found: (Stephen Russell Parker, born 7 Dec. 1952)
670 ## - SOURCE DATA FOUND
- Source citation: The author's website, viewed 4 Nov. 2008
- Information found: (author, editor, and consultant specializing in illustrated information books on the natural world, biology, technology, and general sciences for younger readers through to family reference and the semi-academic field; has degree in zoology and is a Senior Scientific Fellow of the Zoological Society of London; has worked on the staff at London's Natural History Museum, and in house at various publishers; his clients and publishers include Dorling Kindersley, BBC, Smithsonian, Open University, Encyclopaedia Britannica, Science Museum, WWF, Oxford University Press, Heinemann, Reader's Digest, Gareth Stevens, Rodale, Grolier and A&C Black)
- Uniform Resource Identifier: http://www.steveparker.co.uk/
670 ## - SOURCE DATA FOUND
- Source citation: Parker, Steve. Earsplitters! the world's loudest noises, c2009:
- Information found: ECIP t.p. (Steve Parker) data view (Parker, Steve Colwell; b. 1976) [incorrect info.]
670 ## - SOURCE DATA FOUND
- Source citation: E-mail from author, 4 Nov. 2008
- Information found: (Stephen Russell Parker, born 7 Dec. 1952; also author of "Earsplitters!" and several books on military vehicles for Capstone Press)
670 ## - SOURCE DATA FOUND
- Source citation: Parker, Steve. Zhivotnye, 2012:
- Information found: title page (автор текста Стив Паркер = avtor teksta Stiv Parker)
670 ## - SOURCE DATA FOUND
- Source citation: LAC internal file, August 29, 2019
- Information found: (access point: Parker, Steve, 1952-; variants: Parker, Stephen Russell, 1952-; Parker, Steve Russell, 1952-; born 1952; British; full name Stephen Russell Parker)